| 000 | 00761cam a2200241Ia 4500 | ||
|---|---|---|---|
| 999 |
_c4080 _d4080 |
||
| 001 | 5053005 | ||
| 003 | OCoLC | ||
| 005 | 20181128164925.0 | ||
| 008 | 790611s1977 pau 000 0 eng d | ||
| 020 | _a0875080073 (pbk.) | ||
| 040 |
_aMNL _cMNL _dBCT _dBAKER _dDAY |
||
| 050 | 4 |
_aBT732.7 _b.B46 1977 |
|
| 082 | 4 |
_a248.86 _bB597D |
|
| 100 | 1 | _aBillheimer, Paul E | |
| 245 | 1 | 0 |
_aDon't waste your sorrows / _cPaul E. Billheimer |
| 260 |
_aFort Washington, Pa. : _bChristian Literature Crusade, _cc1977 |
||
| 300 |
_a131 p. ; _c21 cm |
||
| 500 | _aSequel to: Destined for the throne | ||
| 504 | _aIncludes bibliographical references | ||
| 650 | 0 |
_aSuffering _xReligious aspects _xChristianity |
|
| 650 | 0 |
_aLove _xReligious aspects _xChristianity |
|
| 942 |
_2ddc _cBK |
||